| 000 | 02050cam a2200337 i 4500 | ||
|---|---|---|---|
| 001 | om432157599 | ||
| 003 | EG-ScBUE | ||
| 005 | 20251016084349.0 | ||
| 008 | 200117s2020 stkb f b 001 0 eng d | ||
| 020 | _a9781474466196 | ||
| 040 |
_aUKMGB _beng _erda _cUKMGB _dOCLCO _dOCLCF _dYDX _dYDXIT _dFIE _dEG-ScBUE |
||
| 043 |
_aa-su--- _aa-ir--- _aaw----- |
||
| 082 | 0 | 4 |
_a327.538055 _222 _bFRA |
| 100 | 1 |
_aFraihat, Ibrahim, _eauthor. |
|
| 245 | 1 | 0 |
_aIran and Saudi Arabia : _btaming a chaotic conflict / _cIbrahim Fraihat. |
| 264 | 1 |
_aEdinburgh : _bEdinburgh University Press, _c[2020] |
|
| 264 | 4 | _cc2020 | |
| 300 |
_axiii, 240 pages : _bmaps ; _c24 cm |
||
| 336 |
_atext _btxt _2rdacontent |
||
| 336 |
_acartographic image _bcri _2rdacontent |
||
| 337 |
_aunmediated _bn _2rdamedia |
||
| 338 |
_avolume _bnc _2rdacarrier |
||
| 504 | _aIncludes bibliographical references and index. | ||
| 520 |
_aHostile relations between Iran and Saudi Arabia are partially responsible for the political instability plaguing the Middle East. This book argues that rapprochement between Tehran and Riyadh is possible and it sets out a realistic agenda for managing their intractable conflict. Ibrahim Fraihat interviewed over sixty scholars, policy makers, think-tank experts and activists to gain an clear, all-round view of Iran-Saudi relations since the invasion of Iraq by US troops in 2003. His research shows that effective peacebuilding would be achievable if the participating countries integrated their diplomatic efforts on three levels: government, Track Two and grassroots. The result is a fresh perspective on a dangerous and unpredictable rift that affects not only its primary parties - Iran and Saudi Arabia - but also the future of the wider Middle East. -- _cProvided by publisher. |
||
| 651 | 7 |
_aSaudi Arabia _xForeign relations _zIran. _2BUEsh |
|
| 651 | 7 |
_aIran _xForeign relations _zSaudi Arabia. _2BUEsh |
|
| 651 | 7 |
_aMiddle East _xPolitics and government _y1979- _2BUEsh |
|
| 653 |
_cOctober2025 _bBUSBOL |
||
| 655 | _vReading book | ||
| 942 |
_2ddc _cBB |
||
| 999 |
_c31002 _d30973 |
||